Cities of the United States - Satellite - Statistics

General Stats
  • This quiz has been taken 41 times
  • The average score is 22 of 80
Answer Stats
Picture Answer % Correct
New York
88%
Chicago
79%
Los Angeles
79%
San Francisco
73%
Seattle
70%
Miami
67%
Boston
64%
New Orleans
64%
Phoenix
64%
San Diego
64%
Detroit
58%
Honolulu
55%
Philadelphia
55%
Cleveland
52%
Las Vegas
52%
St Louis
52%
Tampa
52%
Pittsburgh
48%
Key West
42%
Milwaukee
42%
Baltimore
36%
Erie
36%
Salt Lake City
36%
Buffalo
33%
Orlando
33%
Providence
33%
Tucson
33%
Madison
30%
San Juan
30%
El Paso
27%
Houston
27%
Juneau
27%
Portland
27%
Albuquerque
24%
Anchorage
24%
Dallas
24%
Duluth
24%
Washington
24%
Charleston
21%
Kansas City
21%
Memphis
21%
Jacksonville
18%
Minneapolis
18%
Nashville
18%
Norfolk
18%
Austin
15%
Boise
15%
Denver
15%
Fort Myers
15%
Indianapolis
15%
San Antonio
15%
Wilmington
15%
Charleston
12%
Cincinnati
12%
Columbus
12%
Louisville
12%
New Haven
12%
Omaha
12%
Sacramento
12%
Atlanta
9%
Baton Rouge
9%
Birmingham
9%
Corpus Christi
9%
Davenport
9%
Fairbanks
9%
Little Rock
9%
Tulsa
9%
Burlington
6%
Harrisburg
6%
Laredo
6%
Mobile
6%
Sault Ste Marie
6%
Savannah
6%
Toledo
6%
Charlotte
3%
Kennewick
3%
Oklahoma City
3%
Richmond
3%
Spokane
3%
Yuma
3%
No matching quizzes found
Score Distribution
Percent of People with Each Score
Percentile by Number Answered
Your Score History
You have not taken this quiz